000 00520nam a2200169Ia 4500
003 IN-BaIIA
008 211028s9999 xx 000 0 eng d
040 _cIIA Library
080 _a523.94
_bGIB
100 _aGibson, Edward G
_910978
245 4 _aThe quiet sun
_cEdward G Gibson
260 _aWashington
_bNational Aeronautics and Space Administration
_c1973
300 _axvii, 330p.
650 _aAstronomy and astrophysics thesaurus
650 _aSun
_91200
942 _cBK
999 _c6401
_d6401